<?xml version="1.0" encoding="UTF-8"?>
<collection xmlns="http://www.loc.gov/MARC21/slim">
 <record>
  <leader>     na                 </leader>
  <controlfield tag="001">INLIS000000000009081</controlfield>
  <controlfield tag="005">20221027024914</controlfield>
  <datafield tag="035" ind1=" " ind2=" ">
   <subfield code="a">0010-0520009081</subfield>
  </datafield>
  <controlfield tag="008">221027                |          | ind  </controlfield>
  <datafield tag="020" ind1=" " ind2=" ">
   <subfield code="a">9792553274</subfield>
  </datafield>
  <datafield tag="041" ind1=" " ind2=" ">
   <subfield code="a">ind</subfield>
  </datafield>
  <datafield tag="082" ind1=" " ind2=" ">
   <subfield code="a">340.3</subfield>
  </datafield>
  <datafield tag="084" ind1=" " ind2=" ">
   <subfield code="a">340.3 MUH a</subfield>
  </datafield>
  <datafield tag="100" ind1="0" ind2=" ">
   <subfield code="a">Muhammad Alim</subfield>
  </datafield>
  <datafield tag="245" ind1="1" ind2=" ">
   <subfield code="a">Asas-Asas Negara Hukum Modern dalam Islam :</subfield>
   <subfield code="b">Kajian Komprehensif Islam dan Ketatanegaraan /</subfield>
   <subfield code="c">Muhammad Alim</subfield>
  </datafield>
  <datafield tag="250" ind1=" " ind2=" ">
   <subfield code="a">Cet.1</subfield>
  </datafield>
  <datafield tag="260" ind1=" " ind2=" ">
   <subfield code="a">Yogyakarta :</subfield>
   <subfield code="b">LKIS,</subfield>
   <subfield code="c">2010</subfield>
  </datafield>
  <datafield tag="300" ind1=" " ind2=" ">
   <subfield code="a">xxv,527p ;</subfield>
   <subfield code="c">21 cm</subfield>
  </datafield>
  <datafield tag="500" ind1=" " ind2=" ">
   <subfield code="a">Indeks : p.519-526</subfield>
  </datafield>
  <datafield tag="504" ind1=" " ind2=" ">
   <subfield code="a">p.497-517</subfield>
  </datafield>
  <datafield tag="520" ind1=" " ind2=" ">
   <subfield code="a">Dalam buku ini penulis melihat Islam dan praktik ketatanegaraan semestinya melibatkan pendekatan interdisipliner, karena Islam itu sendiri bersifat multi-dimensi. Islam tidak hanya bersemayam diranah doktrinal semata, tetapi juga didalam praktiknya ditengah-tengah masyarakat. Jelasnya Islam mencakup keseluruhan hidup sendiri. Karena itulah dalam buku ini penulis mencoba menggunakan berbagai pendekatan mulai dari pendekatan normatif yuridis, sosiologis, historis hingga komparatif, untuk melihat Islam dan praktik ketatanegaraan Negara Madinah, kemudian diperhadapkan dengan asas-asas negara hukum modern; Apakah benar Islam memiliki konsep ketatanegaraan Modern, baik secara konseptual maupun praktiknya di dalam masyarakat negara Madinah? Masalah inilah yang coba ditelusuri oleh penulis untuk meng-counter anggapan sebagian orientalis di atas. Menurut penelusuran penulis, Islam telah lebih dahulu mempraktikan asas-asas negara hukum modern jauh sebelum Barat cuap-cuap soal demokrasi, konstitusionalisme, HAM, pluralisme, kekuasaan kehakiman yang netral dan tak berpihak. Maka, negara Madinah sah disebut sebagai negara modern/negara kesejahteraan serta memiliki karakteristik untuk disebut sebagai negara republik.</subfield>
  </datafield>
  <datafield tag="650" ind1=" " ind2="4">
   <subfield code="a">Isla-negara hukum</subfield>
  </datafield>
  <datafield tag="990" ind1=" " ind2=" ">
   <subfield code="a">21070/MKRI-P/V-2011</subfield>
  </datafield>
  <datafield tag="990" ind1=" " ind2=" ">
   <subfield code="a">22813/MKRI-P/I-2014</subfield>
  </datafield>
  <datafield tag="990" ind1=" " ind2=" ">
   <subfield code="a">22866/MKRI-P/VI-2014</subfield>
  </datafield>
  <datafield tag="990" ind1=" " ind2=" ">
   <subfield code="a">22866/MKRI-P/VI-2014</subfield>
  </datafield>
  <datafield tag="990" ind1=" " ind2=" ">
   <subfield code="a">21070/MKRI-P/V-2011</subfield>
  </datafield>
  <datafield tag="990" ind1=" " ind2=" ">
   <subfield code="a">22813/MKRI-P/I-2014</subfield>
  </datafield>
  <datafield tag="990" ind1=" " ind2=" ">
   <subfield code="a">22813/MKRI-P/I-2014</subfield>
  </datafield>
  <datafield tag="990" ind1=" " ind2=" ">
   <subfield code="a">21070/MKRI-P/V-2011</subfield>
  </datafield>
  <datafield tag="990" ind1=" " ind2=" ">
   <subfield code="a">22866/MKRI-P/VI-2014</subfield>
  </datafield>
  <datafield tag="990" ind1=" " ind2=" ">
   <subfield code="a">21070/MKRI-P/V-2011</subfield>
  </datafield>
  <datafield tag="990" ind1=" " ind2=" ">
   <subfield code="a">22813/MKRI-P/I-2014</subfield>
  </datafield>
  <datafield tag="990" ind1=" " ind2=" ">
   <subfield code="a">22866/MKRI-P/VI-2014</subfield>
  </datafield>
 </record>
</collection>
